Cooperativas escolares

Guardat en:
Dades bibliogràfiques
Autor principal: Hernández Ruiz, Santiago (Autor)
Format: Llibre
Idioma:espanyol
Publicat: Madrid Aguilar 1965
Matèries:
Etiquetes: Afegir etiqueta
Sense etiquetes, Sigues el primer a etiquetar aquest registre!

MARC

LEADER 00000nam a2200000 a 4500
001 UCR7963
003 CL-VaPUC
008 980519e19650000SP |||||||||||||||||spa|d
082 0 4 |a 371.83  |b HER  |2 21 
100 |a Hernández Ruiz, Santiago  |e author  |9 576883 
245 1 0 |a Cooperativas escolares 
300 |a 226 p 
942 |c BK 
945 |d 19980519 00:00:00  |a crobeson 
260 |a Madrid  |b Aguilar  |c 1965 
650 7 |a COOPERATIVAS ESTUDIANTILES  |2 CL-VaPUC  |9 327491 
650 0 |a Cooperativas  |9 319869 
583 |a last modification  |c 19980519 00:00:00  |k Rodrigo Vera 
999 |c 269538  |d 269536 
952 |0 0  |1 0  |4 0  |6 371_830000000000000_HER_1965  |7 0  |8 A  |9 303300  |a BIBGIM  |b BIBGIM  |d 2019-11-20  |i 1400371  |o 371.83 HER 1965  |p 1400371  |r 2025-01-15  |w 2019-11-20  |y BK  |k SSL